000 00538nam a2200229Ia 4500
003 0100
008 130303s9999 xx 000 0 und d
020 _a052166585X
040 _cARRUPELIB
050 _aB3999.R4M385 1997
100 _aMason, Richard
245 4 _aThe God of Spinoza
245 _ba philosophical study
260 _aCambridge
260 _bCambridge University Press
260 _C1997
300 _axiv
300 _b 272p. 24cm.
650 _aPHILOSOPHY
650 _bNational socialism
942 0 0 _01
999 _c13048
_d13048